MARC

LEADER 00000nam0a2200000 4500
001 119922
005 20231101215554.0
035 |a (RuTPU)RU\TPU\book\129842 
090 |a 119922 
100 |a 20070814d1984 m y0rusy50 ca 
101 1 |a rus  |c eng 
102 |a RU 
105 |a a z 001zy 
200 1 |a Теория нелинейных решеток  |e Пер. с англ.  |f М. Тода 
210 |a Москва  |c Мир  |d 1984 
215 |a 264 с.  |c ил. 
320 |a Библиогр.: с.253-260. 
606 1 |a Кристаллические решетки  |x Колебания  |2 stltpush  |3 (RuTPU)RU\TPU\subj\80315  |9 88040 
610 1 |a физика 
610 1 |a твердые тела 
610 1 |a нелинейные волны 
610 1 |a распространение 
610 1 |a нелинейные решетки 
610 1 |a кристаллические решетки 
610 1 |a колебания 
675 |a 548.31  |v 3 
700 1 |a Тода  |b М.  |g Морикацу 
801 1 |a RU  |b 63413507  |c 20070814  |g PSBO 
801 2 |a RU  |b 63413507  |c 20200818  |g PSBO 
942 |c BK